000
00256nam a22001097a 4500
082
_a
621.3 GRA'A
100
_a
GRAHAM, FRANK D
_9
42150
245
_a
AUDELS NEW ELECTRONIC LIBRARY VOL-III
260
_a
NEWYORK
_b
AUDEL
_c
1961
300
_a
1334P
942
_c
BK
999
_c
567276
_d
567276